000 00347nam a2200145 i 4500
001 bg
100 1 _aCYPEROVIČ, A. S.
245 1 0 _aEnzymy :
_bpodstawy chemii i technologii /
_cA.S. Cyperovič.
260 _aWarszawa,
_c1974.
040 _cBPK
041 _apol
080 _a577.1
942 _cKS
008 s pl f |000 0 pol
999 _c26549
_d26549
856 _uhttp://koha.tu.koszalin.pl/cgi-bin/koha/opac-detail.pl?biblionumber=26549
_yKatalog online BPK